[Event "4th Mediterreanean Men & Women Champions"]
[Site "Cannes FRA"]
[Date "2007.02.19"]
[EventDate "2007.02.18"]
[Round "3.14"]
[Result "1/2-1/2"]
[White "Patrick Lebel"]
[Black "Andrew Borg"]
[WhiteElo "2165"]
[BlackElo "2105"]
[PlyCount "76"]

1. d4 d5 2. Nf3 Nf6 3. Bf4 c5 4. e3 Nc6 5. c3 Qb6 6. Qb3 c4 7. Qc2 Bf5 8. Qc1
h6 9. h3 e6 10. Nbd2 Qd8 11. Be2 Bd6 12. Bxd6 Qxd6 13. b3 b5 14. a4 b4 15. bxc4
O-O 16. c5 Qc7 17. cxb4 Nxb4 18. O-O Rab8 19. Ne5 Bh7 20. Qc3 a5 21. Bb5 Rfd8
22. Ra3 Ne4 23. Nxe4 Bxe4 24. Qd2 f6 25. Nd3 Bxd3 26. Bxd3 e5 27. Bb5 Qe7 28.
Rc3 Rbc8 29. Rfc1 e4 30. c6 Qc7 31. Rc5 f5 32. Qe2 Kh8 33. Qh5 Rf8 34. g3 Rfd8
35. Qh4 Kh7 36. Qf4 Rd6 37. h4 g6 38. Qe5 1/2-1/2